00344nam a2200133Ia 4500008004100000020001500041041001200056082001600068100001600084245006900100260002500169300000800194650000800202221030s9999 xx 000 0 und d a0074600400 aEnglish a105.23bBap aY. N. Bapat 0aElectronic Circuits & Systems : Analog & Digitalcby Y. N. Bapat bTMHaNew Delhic1999 a448 aECE